02064naa a2200265 a 450000100080000000500110000800800410001910000160006024501200007626000090019652012840020565300140148965300260150365300180152965300180154765300210156570000230158670000180160970000200162770000210164770000190166870000190168770000200170677300720172610821552011-11-22 2011 bl uuuu u00u1 u #d1 aBUZATTI, A. aAtividade acaricida in vitro de Glechon spathulata Benth. sobre tele??ginas de Rhipicephalus (Boophilus) microplus. c2011 aO objetivo deste estudo foi avaliar a atividade acaricida in vitro de extratos vegetais de Glechon spathulata (manjeroninha do campo) sobre tele??ginas de Rhipicephalus (Boophilus) microplus. F??meas ingurgitadas desse carrapato foram coletadas de bovinos mesti??os de uma propriedade do munic??pio de S??o Pedro do Sul, Rio Grande do Sul, Brasil. A experimenta????o in vitro consistiu na realiza????o de testes de imers??o de f??meas ingurgitadas. O extrato bruto seco e a fra????o clorof??rmica utilizados nos testes in vitro foram preparados na concentra????o de 2% e dilu??dos em ??gua e etanol, sendo todos os tratamentos realizados em triplicata. O extrato bruto seco de G. spathulata retomado em etanol a 70% apresentou uma efic??cia m??dia de 99%, enquanto que quando o mesmo extrato foi dilu??do em ??gua, demonstrou efic??cia m??dia de 72%. Observou-se que no controle etanol a 70% houve diferen??a na eclodibilidade dos ovos, por??m n??o interferiu no peso da postura. A fra????o clorof??rmica de G. spathulata n??o apresentou efic??cia no ensaio efetuado. Os resultados obtidos nesse estudo demonstraram que o extrato hidroetan??lico a 70% de G. spathulata apresenta efic??cia acaricida in vitro. Este estudo ?? o primeiro relato de a????o acaricida de G. spathulata. aCarrapato aControle parasit??rio aFitoter??pico aG. spathulata aPlanta medicinal1 aKRAWCZAK, F. da S.1 aPIVOTO, F. L.1 aVOGEL, F. S. F.1 aBOTTON, S. da A.1 aZANETTI, G. D.1 aMANFRON, M. P.1 aSANGIONI, L. A. tCi??ncia Rural, Santa Mariagv. 41, n. 10, p. 1813-1817, out. 2011.